Eastern Utah Libraries Catalog: Duchesne, Heber, Roosevelt, & Vernal

Star Wars. (Record no. 237120)

MARC details
000 -LEADER
fixed length control field 02822cam a2200637Ii 4500
001 - CONTROL NUMBER
control field 975490745
003 - CONTROL NUMBER IDENTIFIER
control field OCoLC
005 - DATE AND TIME OF LATEST TRANSACTION
control field 20181004101801.0
008 - FIXED-LENGTH DATA ELEMENTS--GENERAL INFORMATION
fixed length control field 170313t20182017mnua d 6 000 1 eng d
010 ## - LIBRARY OF CONGRESS CONTROL NUMBER
Canceled/invalid LC control number 2016961930
020 ## - INTERNATIONAL STANDARD BOOK NUMBER
International Standard Book Number 1532140266
Qualifying information (library binding)
020 ## - INTERNATIONAL STANDARD BOOK NUMBER
International Standard Book Number 9781532140266
Qualifying information (library binding)
035 ## - SYSTEM CONTROL NUMBER
System control number (OCoLC)975490745
Canceled/invalid control number (OCoLC)1003821723
-- (OCoLC)1005088465
040 ## - CATALOGING SOURCE
Original cataloging agency BTCTA
Language of cataloging eng
Description conventions rda
Transcribing agency BTCTA
Modifying agency YDX
-- UUC
-- OCLCF
-- OCLCO
-- CHILD
-- OCLCQ
-- OCLCO
-- HEV
050 14 - LIBRARY OF CONGRESS CALL NUMBER
Classification number PZ7.7.A13
Item number We 2018
082 04 - DEWEY DECIMAL CLASSIFICATION NUMBER
Classification number 741.5/973
Edition number 23
092 ## - LOCALLY ASSIGNED DEWEY CALL NUMBER (OCLC)
Classification number graphic
100 1# - MAIN ENTRY--PERSONAL NAME
Personal name Wendig, Chuck,
Relator term writer.
9 (RLIN) 5690115
245 10 - TITLE STATEMENT
Title Star Wars.
Name of part/section of a work The Force awakens.
Number of part/section of a work Volume 5 /
Statement of responsibility, etc Chuck Wendig, writer ; Luke Ross, artists ; Frank Martin, colorist ; VC's Clayton Cowles, letterer.
246 30 - VARYING FORM OF TITLE
Title proper/short title Force awakens,
Number of part/section of a work Volume 5.
250 ## - EDITION STATEMENT
Edition statement Reinforced library bound edition.
264 #1 - Production, Publication, Distribution, Manufacture, and Copyright Notice.
Place of production, publication, distribution, manufacture Minneapolis, Minnesota :
Name of producer, publisher, distributor, manufacturer Spotlight, a division of ABDO,
Date of production, publication, distribution, manufacture, or copyr 2018.
264 #4 - Production, Publication, Distribution, Manufacture, and Copyright Notice.
Date of production, publication, distribution, manufacture, or copyr ©2017.
300 ## - PHYSICAL DESCRIPTION
Extent 1 volume (unpaged) :
Other physical details chiefly color illustrations ;
Dimensions 27 cm.
336 ## - Content Type
Content type term text
336 ## - Content Type
Content type term still image
337 ## - Media type
Media type term unmediated
338 ## - Carrier type
Carrier type term volume
490 1# - SERIES STATEMENT
Series statement Star Wars. The Force awakens ;
Volume number/sequential designation v. 5.
500 ## - GENERAL NOTE
General note "Marvel/Disney/Lucasfilm."
520 ## - SUMMARY, ETC.
Summary, etc "Han Solo, Finn, and the Resistance work together to rescue Rey from the First Order, Rey uses the Force to escape on her own, and Han Solo comes face-to-face with Kylo Ren."--Amazon.com.
526 8# - STUDY PROGRAM INFORMATION NOTE
Program name Accelerated Reader AR
Reading level 2.7
Title point value 0.5
Public note 190855.
650 #0 - SUBJECT ADDED ENTRY--TOPICAL TERM
Topical term or geographic name as entry element Life on other planets
Form subdivision Comic books, strips, etc.
9 (RLIN) 5691763
650 #0 - SUBJECT ADDED ENTRY--TOPICAL TERM
Topical term or geographic name as entry element Good and evil
Form subdivision Comic books, strips, etc.
9 (RLIN) 5689272
650 #0 - SUBJECT ADDED ENTRY--TOPICAL TERM
Topical term or geographic name as entry element Imaginary wars and battles
Form subdivision Comic books, strips, etc.
9 (RLIN) 5691762
650 #0 - SUBJECT ADDED ENTRY--TOPICAL TERM
Topical term or geographic name as entry element Star Wars fiction
Form subdivision Comic books, strips, etc.
9 (RLIN) 5752606
650 #0 - SUBJECT ADDED ENTRY--TOPICAL TERM
Topical term or geographic name as entry element Space warfare
Form subdivision Comic books, strips, etc.
9 (RLIN) 5691765
655 #7 - INDEX TERM--GENRE/FORM
Genre/form data or focus term Science fiction comics.
Source of term lcgft
9 (RLIN) 5695179
655 #7 - INDEX TERM--GENRE/FORM
Genre/form data or focus term Science fiction.
Source of term lcgft
9 (RLIN) 102707
655 #4 - INDEX TERM--GENRE/FORM
Genre/form data or focus term Young adult graphic novels.
9 (RLIN) 5752586
655 #7 - INDEX TERM--GENRE/FORM
Genre/form data or focus term Adaptations.
Source of term fast
9 (RLIN) 5697545
655 #7 - INDEX TERM--GENRE/FORM
Genre/form data or focus term Comic books, strips, etc.
Source of term fast
9 (RLIN) 102661
655 #7 - INDEX TERM--GENRE/FORM
Genre/form data or focus term Comics (Graphic works)
Source of term fast
9 (RLIN) 5689343
655 #7 - INDEX TERM--GENRE/FORM
Genre/form data or focus term Graphic novels.
Source of term fast
9 (RLIN) 5674445
655 #7 - INDEX TERM--GENRE/FORM
Genre/form data or focus term Graphic novels.
Source of term lcgft
9 (RLIN) 5674445
655 #7 - INDEX TERM--GENRE/FORM
Genre/form data or focus term Comics (Graphic works)
Source of term lcgft
9 (RLIN) 5689343
655 #7 - INDEX TERM--GENRE/FORM
Genre/form data or focus term Adaptations.
Source of term lcgft
9 (RLIN) 5697545
655 #7 - INDEX TERM--GENRE/FORM
Genre/form data or focus term Fiction.
Source of term lcgft
9 (RLIN) 5673940
700 1# - ADDED ENTRY--PERSONAL NAME
Personal name Ross, Luke,
Relator term artist.
9 (RLIN) 5752607
700 1# - ADDED ENTRY--PERSONAL NAME
Personal name Martin, Frank,
Dates associated with a name 1981 September-
Relator term colorist.
9 (RLIN) 5752608
700 1# - ADDED ENTRY--PERSONAL NAME
Personal name Cowles, Clayton,
Relator term letterer.
9 (RLIN) 5752609
730 0# - ADDED ENTRY--UNIFORM TITLE
Uniform title Star Wars, episode VII, the force awakens (Motion picture)
9 (RLIN) 5691777
830 #0 - SERIES ADDED ENTRY--UNIFORM TITLE
Uniform title Star wars.
Name of part/section of a work Force awakens ;
Volume number/sequential designation v. 5.
9 (RLIN) 5752610
907 ## - LOCAL DATA ELEMENT G, LDG (RLIN)
a .b389924106
942 ## - ADDED ENTRY ELEMENTS (KOHA)
Source of classification or shelving scheme Dewey Decimal Classification
Koha item type BOOK
Holdings
Withdrawn status Lost status Source of classification or shelving scheme Damaged status Not for loan Collection code Home library Current library Shelving location Date acquired Cost, normal purchase price Total Checkouts Total Renewals Full call number Barcode Checked out Date last seen Date checked out Cost, replacement price Price effective from Koha item type
  Long Overdue (Lost) Dewey Decimal Classification     Junior Graphic Novels Wasatch County Library Wasatch County Library First Floor 12/01/2017 17.25 17 8 J GN Wendig 34301001509787 06/10/2023 04/14/2023 04/14/2023 17.25 03/20/2020 BOOK
This project was made possible through a grant from the Institute of Museum and Library Service administered by the Utah State Library Division.

Wasatch County Library

  • 465 East 1200 South, Heber City, Utah 84032
  • Phone 435-654-1511 | Fax 435-654-6456

Hours

  • Monday - Friday 9:30 AM - 8:00 PM
  • Saturday 9:30 AM - 1:30 PM
  • Closed Sundays and Holidays